1090 1314 1626 1515 1495 1113 1678 1469 1266 1305 1316 1004 1240 1042 1777 1673 1309 1548 1371 1448 1494 1972 1745 1825 1550 1075 1146 1902 1847 1344 1990 1491 1003 1234 1102 1240 1243 1768 1653 1999 1722 1068 1154 1255 1914 1625 1616 1202 1155 1994 1118 1853 1446 1349 1212 1301 1422 1803 1339 1578 1657 1156 1320 1893 1796 1732 1120 1276 1205 1665 1974 1352 1335 1973 1213 1927 1754 1143 1441 1549 1923 1151 1866 1610 1052 1488 1241 1422 1995 1250 1946 1077 1259 1774 1257 1938 1604 1224 1516 BCNSPRNW ULIB Ver.6.0+V

เปลี่ยนเป็นภาษาไทย

Change to English
 แสดงรายละเอียดบรรณานุกรม
  กลับหน้าหลัก

Brief Record : Get Marc (ISO 2709) : E-mail record : QR code < ปิดหน้าต่าง
LEADER : 00000nam 2200000uu 4500
001    13399122388
003     ULIB
008    121016s2553||||th 000 0 tha d
020    ^a9786167243030
090    ^aนว.^bP984ล
100    ^aPunch
245    ^aลิขิตรักมายาทะเลทราย/^cPunch
250    ^aพิมพ์ครั้งที่ 1
260    ^aกรุงเทพฯ :^bภัทรโญธิน,^c2553
300    ^a232 หน้า
710 1  ^aภัทรโญธิน
945    ^p229^l0^i16986
995    ^aทศพร
999 ^a กัณชพร
รายการนี้ยังไม่มีแท็ก
คุณยังไม่ได้ล็อกอิน คุณสามารถมีกิจกรรมร่วมกับเว็บไซต์ได้ แต่ต้องล็อกอินก่อน ::
  ล็อกอิน

รายการสื่อสารสนเทศ

ลำดับที่ ประเภท เลขเรียก/บาร์โค้ด สถานที่ สถานะ
1. นวนิยาย
นวนิยาย
นว. P984ล ฉ.1 
  Barcode: 16986
ห้องสมุดวิทยาเขตสวรรค์ประชารักษ์
►นวนิยาย
บนชั้น
  ขอยืม

รายการใกล้เคียง
    ผู้แต่ง [Punch]

BibComment


ยังไม่เคยถูกคอมเมนท์

คอมเมนท์ทรัพยากรรายการนี้
  คอมเมนท์: ลิขิตรักมายาทะเล..


 Copyright 2026. Bcnsprnw @Library